Statistics for 2302-名古屋市交通局の駅

Click here to take the quiz!

General Stats

  • This quiz has been taken 503 times
  • The average score is 68 of 100

Answer Stats

本線% Correct
名古屋
99%
96%
上飯田
95%
金山
95%
鶴舞
93%
藤が丘
92%
名古屋港
92%
大曽根
89%
上小田井
88%
平安通
86%
徳重
85%
赤池
85%
太閤通
84%
伏見
84%
ナゴヤドーム前矢田
83%
久屋大通
83%
高畑
83%
千種
83%
名古屋城
82%
八事
81%
八田
80%
名古屋大学
78%
御器所
76%
上前津
76%
新瑞橋
75%
東山公園
73%
一社
72%
丸の内
72%
星ヶ丘
71%
いりなか
71%
国際センター
71%
今池
71%
熱田神宮西
70%
大須観音
70%
八事日赤
69%
中村日赤
69%
本山
69%
瑞穂運動場東
68%
新栄町
68%
上社
68%
庄内緑地公園
67%
瑞穂運動場西
66%
名城公園
66%
野並
66%
中村公園
65%
平針
65%
矢場町
64%
浄心
63%
亀島
63%
車道
62%
堀田
61%
自由ヶ丘
61%
60%
日比野
59%
茶屋ヶ坂
59%
覚王山
59%
砂田橋
59%
東海通
57%
本陣
57%
桜山
56%
六番町
56%
黒川
55%
東別院
55%
高岳
55%
庄内通
55%
総合リハビリセンター
55%
池下
55%
港区役所
54%
植田
54%
本郷
53%
浅間町
52%
熱田神宮伝馬町
52%
瑞穂区役所
52%
志賀本通
51%
塩釜口
51%
桜本町
50%
岩塚
49%
妙音通
49%
西高蔵
48%
吹上
47%
川名
47%
荒畑
46%
鳴子北
46%
築地口
45%
相生山
43%
神沢
43%
鶴里
37%

Score Distribution

Percentile by Number Answered

Percent of People with Each Score

Your Score History

You have not taken this quiz